00809pam a2200229 a 4500001000500000005001700005020001500022040002300037050001900060082000800079100003100087245005200118250004400170260003500214300006000249505000900309520012300318521002500441521002100466650004600487650004600533339820250703095849.0 a0590959220 aDLCcDLCdDLCbeng00aQL49.J45b199500a5911 aJenkins, Steved1952-2021.10aBiggest, strongest, fastest /cby Steve Jenkins aFirst Scholastic printing, October 1996 aNew York :bScholastic ,c1995 a31 unnumbered pages : bcolor illustrations ;c21 cm .  aM  aColorful illustrations demonstrate animals representing the extremes of the animal world in speed, size, and strength. a540 bLexile AD  aM bRaz-Plus  0aAnimalsxMiscellaneaxJuvenile literature 1aAnimalsxMiscellaneavJuvenile literature